000 00397cam a22001337a 4500
008 180718b1973 xxu||||| |||| 00| 0 eng d
082 _aT31 In8
245 _aMultinational enterprises and social policy
260 _aGeneva
_bInternatioal Labour Office
_c1973
300 _a182p.
650 _aIndustrial sociology
650 _aIndustrial relations
650 _aInternational business enterprises
999 _c480079
_d480079